| 000 | nam a22 a 4500 | ||
|---|---|---|---|
| 999 |
_c1179 _d1179 |
||
| 003 | AKMAL | ||
| 005 | 20170508150056.0 | ||
| 008 | 170508s1994 my 00 may d | ||
| 020 |
_a967690046X (kkt.): _cRM 5.80 |
||
| 040 |
_aAKMAL _cAKMAL |
||
| 049 | _aklpmal | ||
| 082 | 0 | 4 | _a297.44 QAR |
| 090 |
_a297.44 _bQAR |
||
| 090 | 2 | 0 |
_a297.44 _bQAR |
| 100 | 1 |
_aQaradawi, Yusuf, _d1926- _91753 |
|
| 245 | 1 | 0 |
_aAl Quran menyuruh kita sabar / _cYusof Qardhawi |
| 260 |
_aBatu Caves : _bThinker's Library, _c1994 |
||
| 300 |
_a123ms. : _b; _c19cm |
||
| 500 | _aMengandungi ayat-ayat Al Quran | ||
| 650 |
_aIslam _xDoctrines _9894 |
||
| 650 |
_aIslam _xCustoms and practices _91330 |
||
| 942 |
_2ddc _cBOOK |
||